000
00383nam a2200157Ia 4500
008
160105s9999 xx 000 0 und d
041
_a
fre
245
_a
Résistance des matériaux
250
_a
5. ed.
260
_a
Paris
260
_c
1968
654
_x
ENERGIE/TORSION UTERINE/ELASTICITE/MATERIEL
942
_c
09
994
_a
117493
999
_c
16904
_d
44902